Arctic Monkeys Lyrics - Fright Lined Dining Room - Statistics

General Stats
  • This quiz has been taken 20 times
  • The average score is 128 of 226
Answer Stats
Lyrics % Correct
the
100%
The
100%
a
94%
I
94%
in
94%
In
94%
and
88%
And
88%
dining
88%
fright
88%
lined
88%
on
88%
room
88%
We
88%
we
88%
they
81%
to
81%
You
81%
you
81%
of
75%
where
75%
not
69%
there
69%
When
69%
familiar
63%
feast
63%
he
63%
I'm
63%
laps
63%
more
63%
our
63%
you're
63%
am
56%
as
56%
As
56%
before
56%
breather
56%
can
56%
chaps
56%
dancing
56%
last
56%
require
56%
So
56%
Throw
56%
were
56%
while
56%
Who
56%
crack
50%
days
50%
it
50%
my
50%
off
50%
their
50%
all
44%
for
44%
identities
44%
like
44%
might
44%
night
44%
old
44%
shop
44%
them
44%
thrive
44%
towards
44%
true
44%
watched
44%
whip
44%
willing
44%
away
38%
busk
38%
coat
38%
costume
38%
curtain
38%
fever
38%
follows
38%
gaze
38%
heels
38%
hides
38%
know
38%
leads
38%
only
38%
sip
38%
truant
38%
villain
38%
wait
38%
womaniser
38%
brats
31%
cry,
31%
declared
31%
desert's
31%
drag
31%
hang
31%
hours
31%
itch,
31%
opening
31%
pantomime
31%
shock
31%
showing
31%
through
31%
try
31%
whistle
31%
despite
25%
fluently
25%
key
25%
lock
25%
sachet
25%
shouldn't
25%
snoring;
25%
solid
25%
truth's
25%
tumble
25%
With
25%
avoid
19%
back
19%
break
19%
excitement
19%
fits
19%
flap
19%
hangs
19%
meanwhile
19%
over
19%
Revealing
19%
rot
19%
silk
19%
slats
19%
spies
19%
splits
19%
sugar
19%
well
19%
burst
13%
doors
13%
feign
13%
frame
13%
-presented
13%
Rocketing
13%
shutter
13%
too
13%
weeks
13%
merriment
6%
scribbled
6%
cowls
0%
drivel,
0%
tock
0%
No matching quizzes found
Score Distribution
Percent of People with Each Score
Percentile by Number Answered
Your Score History
You have not taken this quiz